000
00311 a2200145 4500
001
173019
020
_a
040
_c
Magnum
100
_a
Mauricio, Milene Coutinho
240
1
0
_a
Vamos brincar de brincar
_l
por
245
1
0
_a
Vamos brincar de brincar
362
0
_a
1899
697
_a
IJ/GERAL
942
_c
BK
999
_c
173019
_d
173019